| 000 | 00741nam a2200217 a 4500 | ||
|---|---|---|---|
| 999 |
_c10371 _d10371 |
||
| 001 | 10371 | ||
| 003 | BD-JhCC | ||
| 005 | 20200227134007.0 | ||
| 008 | 180425s2016 ii |||| ||a| 000 0 ben d | ||
| 035 | _a(BD-JhCC)10371 | ||
| 040 |
_aBD-JhCC _dBD-JhCC |
||
| 041 | _aben | ||
| 082 |
_a891.4409 _bMOJ 2016 |
||
| 100 | _aমজুমদার, উজ্জ্বলকুমার | ||
| 245 |
_aসাহিত্য ও সমালোচনার রূপ-রীতি / _cউজ্জ্বলকুমার মজুমদার, |
||
| 260 |
_aকলিকাতা : _bদে’জ পাবলিশিং, _c2016 |
||
| 300 |
_a256 p. : _c22 cm. |
||
| 650 | _aBengali Literature Criticism | ||
| 942 |
_2ddc _cBK _02 |
||